000 00572nam a2200181 a 4500
001 000031718
005 20200930063128.0
008 110407s1994 dr ac r 000 | spa d
040 _aDO-SdBNP
_bspa
_cBNPHU
082 _axxxx
_bP191r, 1994
100 1 _aPané, Ramón
_955212
245 1 0 _aRelación acerca de las antiguedades de los Indios /
_cRamón Pané.
250 _a2a ed.
260 _aSanto Domingo :
_bCasa Weber,
_c1994.
300 _a35 p. :
_bil., retrs. ;
_c21 cm.
490 1 _aAntología de nuestra voz
_v42
830 0 _aAntología de nuestra voz
_n42
_955213
999 _c31210
_d31210